Movies Quiz

Random Movies or Quote Quiz

AFI Quotes Fill-in-the-Blank II Quiz Stats

 Plays Quiz Updated Jun 3, 2015

Challenge
Share
Tweet
Embed
Score 0/50 Timer 07:00
3 Plays Today
Quote Word % Correct
'Keep your friends close, but your _____ closer.'enemies
96.5%
'You have to ask youself one question: 'Do I feel _____?' Well do ya, punk?'lucky
95.2%
'Say 'Hello' to my little _____!'friend
93.8%
'Hasta la vista, _____.'baby
93.4%
'You had me at _____.'hello
93.2%
'Mrs. Robinson, you're trying to _____ me. Aren't you?'seduce
93%
'Get your stinking paws off me, you damned dirty _____!'ape
92.5%
'Here's _____!'Johnny
91.4%
'A martini. _____, not stirred.'Shaken
91.3%
'I'll get you, my pretty, and your little _____ too!'dog
90.3%
'There's no crying in _____!'baseball
90%
'I'm _____ of the world!'king
87.7%
'Listen to me, mister. You're my _____ in shining armor. Don't you forget it.'knight
87.7%
'I feel the need - the need for _____!'speed
86.9%
'A boy's best friend is his _____.'mother
86.7%
'I am serious...and don't call me _____.'Shirley
86%
'_____, my dear Watson.'Elementary
84.5%
'They're _____!'here
84%
'Nobody puts Baby in a _____.'corner
83.7%
'I have always depended on the _____ of strangers.'kindness
82.4%
'La-_____-da, la-_____-da.'dee
81.3%
'Yo, _____!'Adrian
78.1%
'_____, for lack of a better word, is good.'Greed
77.2%
'Gentlemen, you can't _____ in here! This is the War Room!'fight
74.8%
'No, it wasn't the airplanes. It was _____ killed the Beast.'Beauty
74.8%
Quote Word % Correct
'My _____.'precious
73.6%
'Who's on _____?'first
70.8%
'Of all the _____ joints in all the towns in all the world, she walks into mine.'gin
70.4%
'Wait a minute, wait a minute. You ain't _____ nothing yet!'heard
66.9%
'Open the pod bay doors, _____.'HAL
66%
'Well, here's another nice _____ you've gotten me into.'mess
62.2%
'_____! _____!'Toga
60.7%
'Tell 'em to go out there with all they got and win just one for the _____.'Gipper
57.6%
'Soylent Green is _____!'people
55.9%
'No _____ hangers, ever!'wire
53.9%
'One morning I shot an elephant in my _____. How he got in my _____ I don't know.'pajamas
52.6%
'As God is my witness, I'll never be _____ again.'hungry
51.2%
'Forget it, Jake, it's _____.'Chinatown
48.9%
'Listen to them. Children of the night. What _____ they make.'music
46.3%
'_____ out of it!'Snap
45.4%
'_____ story. Outta nowhere. A former groundskeeper, now, about to become the masters champion.'Cinderella
40.3%
'_____! _____!'Attica
30.3%
'My mother _____ you. My father _____ you. My sister _____ you. And I _____ you.'thank(s)
24.8%
'Life is a _____, and most poor suckers are starving to death!'banquet
22.8%
'Is it _____?'safe
19%
'Hello, _____.'gorgeous
18%
'Sawyer, you're going out a youngster, but you've got to come back a _____!'star
16.2%
'Carpe diem. Seize the day, boys. Make your lives _____.'extraordinary
14.8%
'What a _____.'dump
11.1%
'Mother of mercy, is this the end of _____?'Rico
11%

You're not logged in!

Compare scores with friends on all Sporcle quizzes.
OR
Log In

You Might Also Like...

Show Comments

Extras

Top Quizzes Today


Score Distribution

Your Account Isn't Verified!

In order to create a playlist on Sporcle, you need to verify the email address you used during registration. Go to your Sporcle Settings to finish the process.

Report this User

Report this user for behavior that violates our Community Guidelines.

Details: